Word Chain - Egypt - Statistics

General Stats
  • This quiz has been taken 500 times
  • The average score is 17 of 24
Answer Stats
Hint Answer % Correct
Lover of Julius Caesar and Mark Antony Cleopatra
98%
Official language Arabic
96%
Capital city Cairo
96%
Main river of Egypt Nile
95%
Its library was burned in 48 BC Alexandria
94%
His tomb was discovered in 1922 Tutankhamun
94%
Bordering country to the west Libya
93%
Desert that covers most of Egypt Sahara
93%
Paper-like material of ancient Egypt Papyrus
89%
Island of fertility in a desert Oasis
88%
Peninsula invaded by Israel in 1967 Sinai
83%
Term for an Egyptian Christian Copt
80%
Major river dam Aswan
75%
"Great" pharaoh also known as Ozymandias Ramesses
65%
Goddess of motherhood Isis
64%
German general who invaded Egypt during WWII Rommel
60%
President who nationalized the Suez Canal Nasser
57%
He was assassinated in 1981 Sadat
53%
One character of the ancient Egyptian writing system Hieroglyphic
52%
Liverpool FC player Salah
48%
The first architect and doctor in the world Imhotep
47%
Site of the largest protests of 2011 Tahrir
39%
She and her husband were known for a religious revolution Nefertiti
31%
Patron god of the city of Thebes Amun
16%
No matching quizzes found
Score Distribution
Percent of People with Each Score
Percentile by Number Answered
Your Score History
You have not taken this quiz